[Event "Montreal Mercredi 02"]
[Site "Montreal CAN"]
[Date "2015.02.25"]
[Round "2"]
[White "Rousseau, Daniel"]
[Black "Boudreau, Daniel"]
[Result "1/2-1/2"]
[WhiteElo "2093"]
[BlackElo "2070"]
[PlyCount "78"]
[GameId "2160767908976442"]
[EventDate "2015.02.18"]
[EventType "swiss"]
[EventRounds "5"]
[EventCountry "CAN"]
[SourceTitle "EXT 2022"]
[Source "ChessBase"]
[SourceDate "2021.10.06"]
[SourceVersion "1"]
[SourceVersionDate "2021.10.06"]
[SourceQuality "1"]

1. e4 c5 2. Nf3 Nc6 3. d4 cxd4 4. Nxd4 e5 5. Nb5 d6 6. N1c3 a6 7. Na3 Be7 8. Nc4 b5 9. Ne3 Nf6 10. Ned5 O-O 11. Nxf6+ Bxf6 12. Nd5 Bg5 13. Be3 Bxe3 14. Nxe3 Be6 15. c3 Ne7 16. Nd5 Bxd5 17. exd5 f5 18. Be2 Ng6 19. g3 e4 20. a4 Rb8 21. axb5 axb5 22. Qd4 Qg5 23. h4 Qh6 24. h5 Ne5 25. Rh4 Rbe8 26. Kf1 f4 27. gxf4 Rxf4 28. Rxf4 Qxf4 29. Qe3 Qh4 30. Qg3 Qf6 31. Rd1 Nf3 32. Kg2 Re5 33. Qh3 Qg5+ 34. Kh1 Qxh5 35. Qxh5 Rxh5+ 36. Kg2 Rg5+ 37. Kh1 Rh5+ 38. Kg2 Rg5+ 39. Kh1 Rh5+ 1/2-1/2

[Event "Montreal Mercredi 02"]
[Site "Montreal CAN"]
[Date "2015.03.04"]
[Round "3"]
[White "Cloutier, Mathieu"]
[Black "Rousseau, Daniel"]
[Result "1-0"]
[WhiteElo "2100"]
[BlackElo "2093"]
[PlyCount "93"]
[GameId "2160767908976449"]
[EventDate "2015.02.18"]
[EventType "swiss"]
[EventRounds "5"]
[EventCountry "CAN"]
[SourceTitle "EXT 2022"]
[Source "ChessBase"]
[SourceDate "2021.10.06"]
[SourceVersion "1"]
[SourceVersionDate "2021.10.06"]
[SourceQuality "1"]

1. e4 e5 2. Nf3 Nc6 3. Bb5 a6 4. Ba4 Nf6 5. O-O Be7 6. Re1 b5 7. Bb3 d6 8. c3 O-O 9. h3 Bb7 10. d3 Na5 11. Bc2 c5 12. Nbd2 Re8 13. Nf1 Bf8 14. Ne3 g6 15. a4 Bg7 16. Bd2 Nc6 17. Bb3 h6 18. Nd5 Na5 19. Nxf6+ Qxf6 20. axb5 axb5 21. Bc2 c4 22. Nh2 h5 23. Nf3 d5 24. d4 exd4 25. e5 Qb6 26. cxd4 b4 27. Be3 b3 28. Bb1 Nc6 29. Rxa8 Bxa8 30. Ng5 Nd8 31. f4 Ne6 32. Nxf7 Nxf4 33. Nd6 Rf8 34. Kh2 Nd3 35. Bxd3 cxd3 36. Qxd3 Kh7 37. Ra1 Bb7 38. Ra3 Bc6 39. Rxb3 Qd8 40. Qa6 Qd7 41. Rc3 Ba8 42. Qb6 Qa4 43. Rc7 Kg8 44. Rxg7+ Kxg7 45. Qc7+ Kh8 46. Bh6 Rg8 47. Bg5 1-0

[Event "Montreal Mercredi 02"]
[Site "Montreal CAN"]
[Date "2015.03.11"]
[Round "4"]
[White "Lopez Linares, Lizandro"]
[Black "Rousseau, Daniel"]
[Result "1/2-1/2"]
[WhiteElo "2205"]
[BlackElo "2093"]
[PlyCount "57"]
[GameId "2160767908976459"]
[EventDate "2015.02.18"]
[EventType "swiss"]
[EventRounds "5"]
[EventCountry "CAN"]
[SourceTitle "EXT 2022"]
[Source "ChessBase"]
[SourceDate "2021.10.06"]
[SourceVersion "1"]
[SourceVersionDate "2021.10.06"]
[SourceQuality "1"]

1. d4 Nf6 2. c4 g6 3. Nc3 Bg7 4. e4 d6 5. Nf3 O-O 6. Be2 e5 7. O-O exd4 8. Nxd4 Re8 9. f3 c6 10. Kh1 Nbd7 11. Bf4 Nh5 12. Be3 f5 13. g3 fxe4 14. f4 Nhf6 15. g4 Nc5 16. g5 Nfd7 17. f5 Ne5 18. f6 Bf8 19. b4 Ncd7 20. Nxe4 Nf7 21. Qd3 Nde5 22. Qb3 Ng4 23. Bxg4 Bxg4 24. Rf4 Qd7 25. Rg1 Bh5 26. Bc1 c5 27. Nc2 b5 28. cxb5 Qxb5 29. Nc3 1/2-1/2

[Event "Montreal Mercredi 02"]
[Site "Montreal CAN"]
[Date "2015.03.18"]
[Round "5"]
[White "Rousseau, Daniel"]
[Black "Cardin, Guillaume"]
[Result "1-0"]
[WhiteElo "2070"]
[BlackElo "2103"]
[PlyCount "33"]
[GameId "2160767908976472"]
[EventDate "2015.02.18"]
[EventType "swiss"]
[EventRounds "5"]
[EventCountry "CAN"]
[SourceTitle "EXT 2022"]
[Source "ChessBase"]
[SourceDate "2021.10.06"]
[SourceVersion "1"]
[SourceVersionDate "2021.10.06"]
[SourceQuality "1"]

1. e4 d5 2. exd5 Qxd5 3. Nc3 Qd6 4. d4 Nf6 5. Nf3 c6 6. Bd3 g6 7. Be3 Bg7 8. Qd2 Be6 9. O-O O-O 10. Rfe1 Na6 11. Ng5 Nb4 12. Nce4 Nxe4 13. Nxe4 Nxd3 14. Nxd6 Nxe1 15. Nxb7 Rab8 16. Nc5 Bh3 17. Qxe1 1-0

[Event "Montreal Mercredi 01"]
[Site "Montreal CAN"]
[Date "2015.01.07"]
[Round "1"]
[White "Rousseau, Daniel"]
[Black "Tremblay, Alain"]
[Result "1/2-1/2"]
[WhiteElo "2101"]
[BlackElo "2144"]
[PlyCount "69"]
[GameId "2160767908993291"]
[EventDate "2015.01.07"]
[EventType "swiss"]
[EventRounds "5"]
[EventCountry "CAN"]
[SourceTitle "EXT 2022"]
[Source "ChessBase"]
[SourceDate "2021.10.06"]
[SourceVersion "1"]
[SourceVersionDate "2021.10.06"]
[SourceQuality "1"]

1. e4 c6 2. d4 d5 3. Nc3 dxe4 4. Nxe4 Bf5 5. Ng3 Bg6 6. Nf3 Nd7 7. h4 h6 8. h5 Bh7 9. Bd3 Bxd3 10. Qxd3 e6 11. Bd2 Ngf6 12. O-O-O Bd6 13. c4 O-O 14. Bc3 b5 15. c5 Bc7 16. Ne4 Ng4 17. Qe2 Ndf6 18. Nxf6+ Nxf6 19. Ne5 Qd5 20. Kb1 Bxe5 21. dxe5 Qe4+ 22. Qxe4 Nxe4 23. Bd4 Rfd8 24. Rhe1 Ng5 25. f4 Nh7 26. Bc3 Rd5 27. Rxd5 cxd5 28. Bd4 Rc8 29. b4 Nf8 30. Re3 a6 31. a4 Rb8 32. Kb2 Nd7 33. Ra3 bxa4 34. Rxa4 Rb5 35. Rxa6 1/2-1/2

[Event "Montreal Mercredi 01"]
[Site "Montreal CAN"]
[Date "2015.01.14"]
[Round "2"]
[White "Boudreau, Daniel"]
[Black "Rousseau, Daniel"]
[Result "1-0"]
[WhiteElo "2070"]
[BlackElo "2101"]
[PlyCount "115"]
[GameId "2160767908993295"]
[EventDate "2015.01.07"]
[EventType "swiss"]
[EventRounds "5"]
[EventCountry "CAN"]
[SourceTitle "EXT 2022"]
[Source "ChessBase"]
[SourceDate "2021.10.06"]
[SourceVersion "1"]
[SourceVersionDate "2021.10.06"]
[SourceQuality "1"]

1. e4 e5 2. Nc3 Nf6 3. g3 Bc5 4. Bg2 Nc6 5. Nge2 d6 6. Na4 Bb6 7. Nxb6 axb6 8. d4 Bg4 9. f3 Bd7 10. c3 h6 11. O-O O-O 12. h3 Nh7 13. f4 f6 14. g4 Kh8 15. Ng3 Ne7 16. b3 g5 17. f5 Be8 18. d5 Ra5 19. Rf2 Qa8 20. Be3 b5 21. Bf1 Bd7 22. Bd3 c6 23. dxc6 bxc6 24. Bb1 Nc8 25. Rd2 Be8 26. c4 bxc4 27. bxc4 Bf7 28. Bd3 Ra3 29. Rc2 c5 30. Bc1 Ra4 31. Ne2 Ne7 32. Nc3 Ra6 33. Nb5 Qd8 34. Be2 Nc8 35. Rd2 Qe7 36. a4 Re8 37. a5 Nf8 38. Bb2 Nd7 39. Nc7 Nb8 40. Nxa6 Nxa6 41. Bc3 Qb7 42. Bd3 Rd8 43. Rb2 Qa8 44. Rab1 Na7 45. Rb7 Bg8 46. R1b6 Nc6 47. Qa4 Nd4 48. Bxd4 cxd4 49. Qb5 Nc5 50. Rb8 Rxb8 51. Rxb8 Qa7 52. Qe8 Qg7 53. Bb1 Kh7 54. Qb5 Qe7 55. Ba2 d3 56. Kf1 d2 57. Ke2 Nxe4 58. Qb7 1-0

[Event "Montreal Mercredi 01"]
[Site "Montreal CAN"]
[Date "2015.01.21"]
[Round "3"]
[White "Rousseau, Daniel"]
[Black "Cloutier, Mathieu"]
[Result "1-0"]
[WhiteElo "2101"]
[BlackElo "2112"]
[PlyCount "103"]
[GameId "2160767908993313"]
[EventDate "2015.01.07"]
[EventType "swiss"]
[EventRounds "5"]
[EventCountry "CAN"]
[SourceTitle "EXT 2022"]
[Source "ChessBase"]
[SourceDate "2021.10.06"]
[SourceVersion "1"]
[SourceVersionDate "2021.10.06"]
[SourceQuality "1"]

1. Nf3 c5 2. g3 d5 3. Bg2 Nf6 4. O-O Nc6 5. c4 d4 6. d3 e5 7. a3 a5 8. Nbd2 Be7 9. Ne1 Bd7 10. Rb1 O-O 11. Nc2 Qc8 12. Re1 Re8 13. Ne4 Nxe4 14. Bxe4 f5 15. Bd5+ Kh8 16. Bd2 a4 17. e3 Bd6 18. exd4 cxd4 19. Qh5 Ne7 20. Bg2 Ng6 21. Nb4 Bxb4 22. Bxb4 Ra6 23. Rbc1 Rf6 24. Qd1 Bc6 25. Bxc6 Qxc6 26. Bd2 f4 27. Re4 f3 28. h3 Qd7 29. Kh2 Qf5 30. Qxa4 Ref8 31. Qb5 Qc8 32. Rce1 Nf4 33. Bxf4 exf4 34. g4 Rc6 35. Qd5 Rh6 36. Re6 Rxe6 37. Qxe6 Qd8 38. Qe7 Qc8 39. Re5 h6 40. Rc5 Qe8 41. Re5 Qc8 42. h4 Rg8 43. Qe6 Qa8 44. g5 Qd8 45. Kh3 b5 46. Rd5 Qa8 47. gxh6 Qf8 48. hxg7+ Rxg7 49. Rh5+ Rh7 50. Qe5+ Kg8 51. Rg5+ Rg7 52. Qxg7+ 1-0

[Event "Montreal Mercredi 01"]
[Site "Montreal CAN"]
[Date "2015.02.04"]
[Round "5"]
[White "Rousseau, Daniel"]
[Black "Lopez Linares, Lizandro"]
[Result "1/2-1/2"]
[WhiteElo "2101"]
[BlackElo "2134"]
[PlyCount "46"]
[GameId "2160767908993337"]
[EventDate "2015.01.07"]
[EventType "swiss"]
[EventRounds "5"]
[EventCountry "CAN"]
[SourceTitle "EXT 2022"]
[Source "ChessBase"]
[SourceDate "2021.10.06"]
[SourceVersion "1"]
[SourceVersionDate "2021.10.06"]
[SourceQuality "1"]

1. e4 c6 2. d4 d5 3. Nc3 dxe4 4. Nxe4 Bf5 5. Ng3 Bg6 6. Nf3 Nd7 7. h4 h6 8. h5 Bh7 9. Bd3 Bxd3 10. Qxd3 Qc7 11. Bd2 e6 12. O-O-O Ngf6 13. Kb1 Bd6 14. Ne4 Nxe4 15. Qxe4 Nf6 16. Qe2 O-O-O 17. c4 c5 18. Bc3 cxd4 19. Bxd4 Bc5 20. Bxc5 Qxc5 21. Ne5 Qe7 22. g4 Rxd1+ 23. Rxd1 Rd8 1/2-1/2

[Event "Pere Noel"]
[Site "Montreal CAN"]
[Date "2014.12.27"]
[Round "2"]
[White "Sambuev, Bator"]
[Black "Rousseau, Daniel"]
[Result "1-0"]
[WhiteElo "2572"]
[BlackElo "2105"]
[PlyCount "113"]
[GameId "2160767908993418"]
[EventDate "2014.12.26"]
[EventType "swiss"]
[EventRounds "5"]
[EventCountry "CAN"]
[SourceTitle "hb 2014"]

1. d4 Nf6 2. c4 g6 3. Nc3 Bg7 4. e4 d6 5. Nf3 O-O 6. Be2 e5 7. O-O exd4 8. Nxd4 Re8 9. f3 c6 10. Kh1 Nbd7 11. Nc2 Nb6 12. Bg5 h6 13. Bh4 g5 14. Bf2 d5 15. exd5 cxd5 16. c5 Nc4 17. b3 Na5 18. Qd2 Nc6 19. Rad1 Be6 20. Nb5 Re7 21. Nbd4 Qd7 22. Bb5 Nh5 23. Rfe1 a5 24. Ba4 Rae8 25. Nxc6 bxc6 26. Nd4 Bxd4 27. Bxd4 Bf5 28. Rxe7 Rxe7 29. Bc3 f6 30. Qd4 Qe6 31. Qd2 Nf4 32. Re1 Qxe1+ 33. Qxe1 Rxe1+ 34. Bxe1 Bd7 35. Bxa5 Nd3 36. b4 Kf7 37. Kg1 Ke6 38. Bc2 Nc1 39. a4 d4 40. Kf2 Kd5 41. Bd8 f5 42. Bf6 Kc4 43. a5 Bc8 44. Bg7 Kc3 45. Bb1 h5 46. a6 Nd3+ 47. Bxd3 Kxd3 48. a7 Bb7 49. g4 hxg4 50. fxg4 fxg4 51. Kg3 Kc4 52. Bxd4 Kxd4 53. Kxg4 Kc4 54. Kxg5 Kxb4 55. h4 Kxc5 56. h5 Kb6 57. h6 1-0

[Event "Pere Noel"]
[Site "Montreal CAN"]
[Date "2014.12.28"]
[Round "3"]
[White "Rousseau, Daniel"]
[Black "Steinberg, Ellis"]
[Result "1/2-1/2"]
[WhiteElo "2105"]
[BlackElo "1882"]
[PlyCount "36"]
[GameId "2160767908993443"]
[EventDate "2014.12.26"]
[EventType "swiss"]
[EventRounds "5"]
[EventCountry "CAN"]
[SourceTitle "hb 2014"]

1. e4 g6 2. d4 Bg7 3. Nc3 c6 4. Be3 d6 5. Qd2 b5 6. f3 Nd7 7. Bd3 Nb6 8. Nge2 Nc4 9. Bxc4 bxc4 10. O-O Qa5 11. Rfd1 Nf6 12. e5 Nd5 13. Nxd5 Qxd2 14. Bxd2 cxd5 15. exd6 exd6 16. Bf4 Ke7 17. Nc3 Be6 18. Rd2 Rhc8 1/2-1/2

[Event "Pere Noel"]
[Site "Montreal CAN"]
[Date "2014.12.29"]
[Round "4"]
[White "Li, Yi Lin"]
[Black "Rousseau, Daniel"]
[Result "0-1"]
[WhiteElo "1830"]
[BlackElo "2105"]
[PlyCount "70"]
[GameId "2160767908993451"]
[EventDate "2014.12.26"]
[EventType "swiss"]
[EventRounds "5"]
[EventCountry "CAN"]
[SourceTitle "hb 2014"]

1. e4 e5 2. Nf3 Nc6 3. Bb5 a6 4. Ba4 Nf6 5. O-O b5 6. Bb3 Bc5 7. d3 h6 8. h3 O-O 9. Re1 d6 10. c3 Bb7 11. Nbd2 Re8 12. Nf1 Qd7 13. Ng3 d5 14. Qe2 Rad8 15. exd5 Nxd5 16. Ne4 Bb6 17. Bxh6 Na5 18. Bxd5 Bxd5 19. Be3 f5 20. Bxb6 fxe4 21. Nxe5 Rxe5 22. Bxa5 Rde8 23. d4 Rg5 24. Qe3 Rg6 25. Bb4 Ree6 26. Kh2 Ref6 27. b3 Rxg2+ 28. Kxg2 Rf3 29. Qg5 Qxh3+ 30. Kg1 Rf5 31. Qg3 Qh5 32. Qe3 Rf3 33. Qd2 Rh3 34. Re3 Rh1+ 35. Kg2 Qh2# 0-1

[Event "Pere Noel"]
[Site "Montreal CAN"]
[Date "2014.12.30"]
[Round "5"]
[White "Rousseau, Daniel"]
[Black "Yu, Zong Yang"]
[Result "0-1"]
[WhiteElo "2105"]
[BlackElo "2360"]
[PlyCount "84"]
[GameId "2160767908993475"]
[EventDate "2014.12.26"]
[EventType "swiss"]
[EventRounds "5"]
[EventCountry "CAN"]
[SourceTitle "hb 2014"]

1. e4 c5 2. Nf3 d6 3. d4 cxd4 4. Nxd4 Nf6 5. Nc3 g6 6. Be2 Bg7 7. O-O O-O 8. Bg5 Nc6 9. Nb3 a6 10. a4 Be6 11. Kh1 Rc8 12. f4 Na5 13. Nxa5 Qxa5 14. Bf3 Bc4 15. Re1 Rfd8 16. Qc1 Qc5 17. e5 dxe5 18. fxe5 Nd5 19. Ne4 Qd4 20. c3 Qb6 21. Bg4 Rc6 22. Nd2 Bd3 23. Nf3 f5 24. exf6 exf6 25. Bh6 f5 26. Bxg7 Kxg7 27. Ne5 fxg4 28. Nxd3 Qc7 29. Ne5 Rf6 30. Nxg4 Rf4 31. Ne5 Re8 32. Nf3 Rfe4 33. Rxe4 Rxe4 34. Qd2 Qc4 35. Nd4 Nf4 36. h3 Qd5 37. Qf2 Nxh3 38. Qg3 Nf4 39. Rf1 Qh5+ 40. Qh2 Qg4 41. Nf3 Re2 42. Ne1 g5 0-1

[Event "Montreal Mercredi 11"]
[Site "Montreal CAN"]
[Date "2014.11.26"]
[Round "2"]
[White "Rousseau, Daniel"]
[Black "Lopez Linares, Lizandro"]
[Result "1/2-1/2"]
[WhiteElo "2056"]
[BlackElo "2104"]
[PlyCount "52"]
[GameId "2160767909001911"]
[EventDate "2014.11.19"]
[EventType "swiss"]
[EventRounds "5"]
[EventCountry "CAN"]
[SourceTitle "EXT 2022"]
[Source "ChessBase"]
[SourceDate "2021.10.06"]
[SourceVersion "1"]
[SourceVersionDate "2021.10.06"]
[SourceQuality "1"]

1. e4 d5 2. exd5 Qxd5 3. Nc3 Qa5 4. Nf3 Nf6 5. Bc4 c6 6. d4 Bf5 7. Bd2 e6 8. Nd5 Qd8 9. Nxf6+ gxf6 10. Be3 Bd6 11. Qd2 Qc7 12. Nh4 Bg6 13. O-O-O Nd7 14. f4 f5 15. Be2 Nf6 16. g3 O-O-O 17. Qe1 Bh5 18. Nf3 Bxf3 19. Bxf3 h5 20. c4 h4 21. Bd2 Rh6 22. Bc3 Rg6 23. Kb1 hxg3 24. hxg3 Re8 25. Rc1 Qd7 26. Rg1 Kb8 1/2-1/2

[Event "Montreal Mercredi 11"]
[Site "Montreal CAN"]
[Date "2014.12.03"]
[Round "3"]
[White "Levkovsky, Alexandre"]
[Black "Rousseau, Daniel"]
[Result "0-1"]
[WhiteElo "2227"]
[BlackElo "2056"]
[PlyCount "78"]
[GameId "2160767909001924"]
[EventDate "2014.11.19"]
[EventType "swiss"]
[EventRounds "5"]
[EventCountry "CAN"]
[SourceTitle "EXT 2022"]
[Source "ChessBase"]
[SourceDate "2021.10.06"]
[SourceVersion "1"]
[SourceVersionDate "2021.10.06"]
[SourceQuality "1"]

1. e4 e5 2. Nf3 Nc6 3. Bb5 a6 4. Ba4 Nf6 5. O-O Be7 6. Re1 b5 7. Bb3 d6 8. c3 O-O 9. h3 Bb7 10. d4 h6 11. Nbd2 Re8 12. Bc2 Bf8 13. d5 Ne7 14. b3 c6 15. c4 Ng6 16. a4 bxc4 17. bxc4 a5 18. Rb1 Ba6 19. Re3 Qc7 20. Reb3 Rab8 21. Rxb8 Rxb8 22. Rxb8 Qxb8 23. Ba3 cxd5 24. exd5 Nf4 25. Kh2 Qc7 26. g3 N4h5 27. Bb1 g6 28. Qb3 Nd7 29. Ng1 Nc5 30. Qc2 Nf6 31. Ngf3 Bg7 32. Kg2 Bc8 33. Bxc5 Qxc5 34. Nb3 Qb4 35. c5 Bf5 36. Qd1 Bxb1 37. Qxb1 dxc5 38. Qc2 c4 39. Nbd2 c3 0-1

[Event "Montreal Mercredi 11"]
[Site "Montreal CAN"]
[Date "2014.12.10"]
[Round "4"]
[White "Rousseau, Daniel"]
[Black "Nunez, Omar"]
[Result "1/2-1/2"]
[WhiteElo "2056"]
[BlackElo "2061"]
[PlyCount "28"]
[GameId "2160767909001940"]
[EventDate "2014.11.19"]
[EventType "swiss"]
[EventRounds "5"]
[EventCountry "CAN"]
[SourceTitle "EXT 2022"]
[Source "ChessBase"]
[SourceDate "2021.10.06"]
[SourceVersion "1"]
[SourceVersionDate "2021.10.06"]
[SourceQuality "1"]

1. e4 d5 2. exd5 Qxd5 3. Nc3 Qa5 4. d4 Nf6 5. Nf3 Bg4 6. h3 Bh5 7. g4 Bg6 8. Ne5 e6 9. Nc4 Qa6 10. Ne5 Qa5 11. Bd2 Bb4 12. Bb5+ c6 13. Be2 Qd8 14. a3 Be7 1/2-1/2

[Event "Montreal Mercredi 11"]
[Site "Montreal CAN"]
[Date "2014.12.17"]
[Round "5"]
[White "Boudreau, Daniel"]
[Black "Rousseau, Daniel"]
[Result "0-1"]
[WhiteElo "2109"]
[BlackElo "2056"]
[PlyCount "92"]
[GameId "2160767909001944"]
[EventDate "2014.11.19"]
[EventType "swiss"]
[EventRounds "5"]
[EventCountry "CAN"]
[SourceTitle "EXT 2022"]
[Source "ChessBase"]
[SourceDate "2021.10.06"]
[SourceVersion "1"]
[SourceVersionDate "2021.10.06"]
[SourceQuality "1"]

1. e4 e5 2. Nf3 Nc6 3. Bc4 Nf6 4. d3 Bc5 5. c3 d6 6. Bb3 h6 7. h3 O-O 8. O-O Re8 9. Re1 a6 10. Nbd2 Bd7 11. Nf1 b5 12. Ng3 Rb8 13. Be3 Bxe3 14. Rxe3 Na5 15. Bc2 c5 16. Nh4 g6 17. Nf3 Nh7 18. Qd2 Kg7 19. d4 Nc4 20. Qe1 Nxe3 21. Qxe3 Qc7 22. d5 Qd8 23. Rf1 Qf6 24. Ne2 Rbc8 25. Nh2 Qg5 26. f4 exf4 27. Qf3 Qe7 28. Qxf4 Rf8 29. Ng4 Bxg4 30. hxg4 Rce8 31. Ng3 Qe5 32. Qf2 Qg5 33. Bd1 Nf6 34. b4 Nd7 35. bxc5 Nxc5 36. Bf3 Qe5 37. Ne2 Rc8 38. Nd4 Na4 39. Nc6 Qxc3 40. Qg3 Qc5+ 41. Kh1 Nc3 42. g5 hxg5 43. Bg4 Rh8+ 44. Bh3 Nxe4 45. Qf3 f5 46. Ne7 Rcf8 0-1

[Event "Montreal op"]
[Site "Montreal CAN"]
[Date "2011.09.09"]
[Round "1.5"]
[White "L'Ami, Alina"]
[Black "Rousseau, Daniel"]
[Result "1-0"]
[WhiteElo "2368"]
[BlackElo "2071"]
[PlyCount "59"]
[GameId "2160767909648363"]
[EventDate "2011.09.09"]
[EventType "swiss"]
[EventRounds "5"]
[EventCountry "CAN"]

1. d4 Nf6 2. c4 g6 3. Nc3 Bg7 4. e4 d6 5. h3 O-O 6. Bg5 Nbd7 7. Bd3 c5 8. d5 Qa5 9. Nf3 a6 10. a4 Re8 11. O-O e6 12. Re1 Qc7 13. Qd2 b6 14. Rad1 exd5 15. cxd5 Bb7 16. Bc4 Ne5 17. Nxe5 Rxe5 18. f4 Ree8 19. e5 Nd7 20. e6 Nf6 21. f5 Kh8 22. Qf2 Ng8 23. f6 Bh6 24. Bxh6 Nxh6 25. Qf4 Nf5 26. g4 Nd4 27. e7 Qd7 28. Ne4 b5 29. Qh6 Rg8 30. Ng5 1-0

[Event "Montreal op"]
[Site "Montreal CAN"]
[Date "2011.09.10"]
[Round "2.21"]
[White "Rousseau, Daniel"]
[Black "Zhou, Qiyu"]
[Result "0-1"]
[WhiteElo "2071"]
[BlackElo "1660"]
[PlyCount "116"]
[GameId "2160767909648396"]
[EventDate "2011.09.09"]
[EventType "swiss"]
[EventRounds "5"]
[EventCountry "CAN"]

1. e4 c5 2. Nf3 Nc6 3. Bc4 e6 4. Nc3 d6 5. d4 cxd4 6. Nxd4 Be7 7. O-O Nf6 8. Be3 O-O 9. Qe2 d5 10. exd5 exd5 11. Rad1 Bg4 12. f3 Be6 13. Nxe6 fxe6 14. Bf2 Qc8 15. Bb3 Re8 16. Nb5 a6 17. Nd4 Nxd4 18. Bxd4 Bc5 19. Qd2 Qc6 20. Kh1 Bxd4 21. Qxd4 b5 22. Rfe1 Rad8 23. c3 Qc7 24. Re5 Kf7 25. g4 h6 26. Kg2 Rd7 27. h4 Rde7 28. g5 hxg5 29. hxg5 Nd7 30. Ree1 Rh8 31. Rh1 Ree8 32. f4 Qc5 33. Qd3 Qc6 34. g6+ Ke7 35. Qd4 Nf6 36. Rhe1 Rh5 37. Rh1 Rhh8 38. Rde1 Kd8 39. Kg3 Kc8 40. Qe5 Kd7 41. f5 Rxh1 42. Rxh1 exf5 43. Qxf5+ Kc7 44. Rd1 Qd6+ 45. Kf3 Rf8 46. Ke2 Re8+ 47. Kd2 Re5 48. Qd3 Ne4+ 49. Kc1 Nf2 50. Qd4 Nxd1 51. Qa7+ Kd8 52. Kxd1 Qe6 53. Qb8+ Ke7 54. Qa7+ Kf6 55. Qf2+ Qf5 56. Qb6+ Kg5 57. Qd8+ Kg4 58. Kc1 Qf4+ 0-1

[Event "Quebec-ch classe"]
[Site "Montreal CAN"]
[Date "2011.01.21"]
[Round "1"]
[White "Rousseau, Daniel"]
[Black "Cote-Lalumiere, Tristan"]
[Result "1-0"]
[WhiteElo "2094"]
[BlackElo "1880"]
[PlyCount "51"]
[GameId "2160767909812812"]
[EventDate "2011.01.21"]
[EventType "swiss"]
[EventRounds "5"]
[EventCountry "CAN"]
[SourceTitle "EXT 2013"]
[Source "ChessBase"]
[SourceDate "2012.11.22"]
[SourceVersion "1"]
[SourceVersionDate "2012.11.22"]
[SourceQuality "1"]

1. e4 c5 2. Nf3 d6 3. d4 cxd4 4. Nxd4 Nf6 5. Nc3 g6 6. Be2 Bg7 7. O-O O-O 8. Bg5 Nc6 9. Nb3 a6 10. a4 Be6 11. Kh1 Rc8 12. f4 Nd7 13. Nd2 Nc5 14. f5 Bd7 15. Nd5 h6 16. Bxe7 Nxe7 17. f6 Nxd5 18. fxg7 Kxg7 19. exd5 Qh4 20. Nc4 Ne4 21. Qd4+ Kh7 22. Kg1 Qe7 23. Bd3 f5 24. Rae1 Rfe8 25. Bxe4 fxe4 26. Nxd6 1-0

[Event "Quebec-ch classe"]
[Site "Montreal CAN"]
[Date "2011.01.22"]
[Round "3"]
[White "Rousseau, Daniel"]
[Black "Masse, Hugues"]
[Result "0-1"]
[WhiteElo "2094"]
[BlackElo "2158"]
[PlyCount "102"]
[GameId "2160767909812835"]
[EventDate "2011.01.21"]
[EventType "swiss"]
[EventRounds "5"]
[EventCountry "CAN"]
[SourceTitle "EXT 2013"]
[Source "ChessBase"]
[SourceDate "2012.11.22"]
[SourceVersion "1"]
[SourceVersionDate "2012.11.22"]
[SourceQuality "1"]

1. e4 c5 2. Nf3 d6 3. d4 cxd4 4. Nxd4 Nf6 5. Nc3 a6 6. Bg5 e6 7. f4 Qc7 8. Qf3 b5 9. e5 Bb7 10. Bxb5+ axb5 11. Ndxb5 Qb6 12. Qf2 Qxf2+ 13. Kxf2 dxe5 14. fxe5 Bc5+ 15. Kg3 Nh5+ 16. Kh4 h6 17. Bd2 O-O 18. Kxh5 Bxg2 19. Rhg1 Bxg1 20. Rxg1 Bf3+ 21. Kh4 Kh7 22. Rf1 Bg2 23. Rf2 Bc6 24. Nc7 Ra7 25. Nxe6 Re8 26. Nd4 Rxe5 27. Kg3 Re8 28. Bf4 Rd7 29. Nb3 Na6 30. a3 Re1 31. h4 Rg1+ 32. Kh3 Rh1+ 33. Kg3 f6 34. Na5 Ba8 35. b4 g5 36. hxg5 hxg5 37. Be3 Rg1+ 38. Kh2 Rh1+ 39. Kg3 Kg6 40. Rh2 Ra1 41. Nb5 f5 42. Bd4 Rd1 43. Rh8 Bd5 44. Rf8 f4+ 45. Kf2 Nc7 46. Rf6+ Kh5 47. Nxc7 Rxc7 48. c3 Re7 49. Rf5 Rd2+ 50. Kf1 Bg2+ 51. Kg1 Re1+ 0-1

[Event "Pere Noel"]
[Site "Montreal CAN"]
[Date "2009.12.26"]
[Round "1"]
[White "Mathews, Theo"]
[Black "Rousseau, Daniel"]
[Result "0-1"]
[WhiteElo "1724"]
[BlackElo "2181"]
[PlyCount "62"]
[GameId "2160767910029862"]
[EventDate "2009.12.26"]
[EventType "swiss"]
[EventRounds "5"]
[EventCountry "CAN"]
[SourceTitle "hb 2010.01"]

1. e4 e5 2. Nf3 Nc6 3. Bc4 Nf6 4. d3 Bc5 5. c3 d6 6. O-O Bg4 7. Nbd2 Qd7 8. Bb3 O-O-O 9. Bc2 h5 10. b4 Bb6 11. Nc4 d5 12. Nxb6+ axb6 13. Bg5 Qe8 14. Qe2 Rd6 15. h3 Bd7 16. Bb3 dxe4 17. dxe4 Nh7 18. Be3 g5 19. Nd2 Rg6 20. f3 Nd8 21. a4 g4 22. fxg4 hxg4 23. hxg4 Bxg4 24. Nf3 Rhg8 25. Rf2 R8g7 26. b5 Nf6 27. Bd2 Qh8 28. Qe3 Bxf3 29. Qxf3 Ng4 30. Qf5+ Ne6 31. Bxe6+ Rxe6 0-1

[Event "Pere Noel"]
[Site "Montreal CAN"]
[Date "2009.12.26"]
[Round "2"]
[White "Rousseau, Daniel"]
[Black "Voloaca, Mihnea"]
[Result "0-1"]
[WhiteElo "2181"]
[BlackElo "2325"]
[PlyCount "88"]
[GameId "2160767910029874"]
[EventDate "2009.12.26"]
[EventType "swiss"]
[EventRounds "5"]
[EventCountry "CAN"]
[SourceTitle "hb 2001.01"]

1. e4 d5 2. exd5 Qxd5 3. Nc3 Qa5 4. d4 c6 5. Nf3 Bg4 6. h3 Bh5 7. g4 Bg6 8. Bg2 Nf6 9. O-O Nbd7 10. Re1 e6 11. Bd2 Qc7 12. Ne5 Bd6 13. h4 Nxe5 14. dxe5 Bxe5 15. h5 O-O-O 16. hxg6 hxg6 17. Qe2 Nxg4 18. Qxg4 Rxd2 19. Re2 Rd4 20. Qf3 Rf4 21. Qe3 Bd4 22. Qg3 e5 23. Ne4 f5 24. c3 Rg4 25. Qxg4 fxg4 26. cxd4 exd4 27. Rd1 Qh2+ 28. Kf1 Rd8 29. Ng3 Qh6 30. Re4 c5 31. Rxg4 g5 32. Re4 Qa6+ 33. Kg1 Qxa2 34. Rc1 b6 35. Re2 d3 36. Rd2 c4 37. Nf5 Qa5 38. Rxc4+ Kb8 39. Ne7 Qxd2 40. Nc6+ Kc7 41. Nxa7+ Kd7 42. Bh3+ Ke8 43. Nb5 Qe1+ 44. Kg2 d2 0-1

[Event "Pere Noel"]
[Site "Montreal CAN"]
[Date "2009.12.28"]
[Round "3"]
[White "Zhu, Hong Rui"]
[Black "Rousseau, Daniel"]
[Result "0-1"]
[WhiteElo "1727"]
[BlackElo "2181"]
[PlyCount "60"]
[GameId "2160767910029910"]
[EventDate "2009.12.26"]
[EventType "swiss"]
[EventRounds "5"]
[EventCountry "CAN"]
[SourceTitle "hb 2010.01"]

1. e4 e5 2. Nf3 Nc6 3. d4 exd4 4. Bc4 Nf6 5. e5 Ne4 6. O-O d5 7. exd6 Nxd6 8. Bb3 Bg4 9. Qd3 Bf5 10. Re1+ Be7 11. Qd1 Bg4 12. Bg5 O-O 13. Bxe7 Nxe7 14. Qxd4 Bxf3 15. gxf3 Nef5 16. Qf4 Nh4 17. Nd2 Ndf5 18. Rad1 Qf6 19. Kh1 Rad8 20. c3 Ng6 21. Qxc7 Nd6 22. Qc5 Nf4 23. Qe5 Qxe5 24. Rxe5 Nd3 25. Rd5 Nxf2+ 26. Kg2 Nxd1 27. Bxd1 Nf5 28. Rxd8 Rxd8 29. Bb3 Rxd2+ 30. Kh3 Rxb2 0-1